SUFFERING'S FAVOURITE [EPIC]/ (Record no. 212794)

MARC details
000 -LEADER
fixed length control field 00621nam a22001937a 4500
005 - DATE AND TIME OF LATEST TRANSACTION
control field 20250801144120.0
010 ## - LCCN (DPL NO)
LC control number ENG-146301
020 ## - INTERNATIONAL STANDARD BOOK NUMBER
International Standard Book Number 9789391091958
Terms of availability 499.00
035 ## - SYSTEM CONTROL NUMBER
System control number EN-129833
037 ## - SOURCE OF ACQUISITION
Source of stock number/acquisition DBAD
082 ## - DEWEY DECIMAL CLASSIFICATION NUMBER
Classification number 881
100 ## - MAIN ENTRY--PERSONAL NAME
Personal name Anand, Jernail Singh
245 ## - TITLE STATEMENT
Title SUFFERING'S FAVOURITE [EPIC]/
Statement of responsibility, etc Jernail Singh Anand
250 ## - EDITION STATEMENT
Edition statement 01
260 ## - PUBLICATION, DISTRIBUTION, ETC. (IMPRINT)
Place of publication, distribution, etc haryana
Name of publisher, distributor, etc The Poetry Society Of India
Date of publication, distribution, etc 2025
270 ## - ADDRESS
Address H-23/16, DLF Phase-I, GURUGRAM, Haryana
City GURUGRAM
Electronic mail address thepoetrysoindia@gmail.com
-- mgwebguru@gmail.com
Postal code 122002
300 ## - PHYSICAL DESCRIPTION
Extent 99p.
Dimensions 21cm(pbk)
942 ## - ADDED ENTRY ELEMENTS (KOHA)
Source of classification or shelving scheme Dewey Decimal Classification
Item type English Books
Classification part 881
Call number suffix ANA
Edition 01
Holdings
Withdrawn status Lost status Not for loan Collection code Home library Current library Date acquired Source of acquisition Cost, normal purchase price Full call number Barcode Copy number Cost, replacement price Koha item type
      Non-fiction Mobile Library Mobile Library 01/08/2025 DBAD 499.00 881 ANA EN-129833 1 499.00 English Books

© Delhi Public Library
Hit Counter
free hit counter